| 000 | 00643nam a2200205Ia 4500 | ||
|---|---|---|---|
| 020 | _a9251052247 | ||
| 040 | _cOSU | ||
| 082 | _a338 FOO 2004 A078 Or. | ||
| 100 | 1 | _aHelm, Michael M | |
| 245 | 1 | 0 |
_aHatchery culture of bivalves : _ba practical manual / |
| 260 |
_aRome : _bFood and Agriculture Organization of the United Nations, _cc2004 |
||
| 300 |
_axxi, 177 p. : _bcol. ill. ; _c30 cm |
||
| 490 | 1 | _aFAO fisheries technical paper, | |
| 650 | 0 | _aShellfish fisheries | |
| 650 | 0 | _aBivalves | |
| 700 | 1 | _aBourne, N. | |
| 700 | 1 | _aLovatelli, Alessandro | |
| 710 | 2 | _aFood and Agriculture Organization of the United Nations | |
| 942 | _cEK | ||
| 999 |
_c15982 _d15982 |
||